00323nam a2200133Ia 4500008004100000020001500041041001200056100001500068245005500083250000800138260002500146300000800171650001000179221030s9999 xx 000 0 und d a812030599X aEnglish aV. Deltoro 0aElectrical Engineering Fundamentalscby V. Deltoro a2nd bPHIaNew Delhic2005 a921 aBB EE